Normal view
MARC view
- Allan R. Hoffer
Entry Personal Name
001 - CONTROL NUMBER
- control field: 127625
003 - CONTROL NUMBER IDENTIFIER
- control field: NUST
005 - DATE AND TIME OF LATEST TRANSACTION
- control field: 20250117100119.0
008 - FIXED-LENGTH DATA ELEMENTS
- fixed length control field: 250117|| aca||aabn | a|a d
040 ## - CATALOGING SOURCE
- Original cataloging agency: NUST
- Transcribing agency: NUST
100 ## - HEADING--PERSONAL NAME
- Personal name: Allan R. Hoffer
670 ## - SOURCE DATA FOUND
- Source citation: Work cat.: (NUST): Allan R. Hoffer, Mathematics in action, 1991.
